[Event "4NCL Division 2d"]
[Site "Birmingham, ENG"]
[Date "2016.03.20"]
[Round "8.251"]
[White "Reid, John"]
[Black "Wall, Gavin"]
[Result "0-1"]
[WhiteElo "2342"]
[BlackElo "2344"]
[PlyCount "66"]
[EventDate "2016.03.20"]
[WhiteTeam "Hackney 1"]
[BlackTeam "Guildford 3"]

1. d4 f5 2. g3 Nf6 3. Bg2 g6 4. c3 Bg7 5. h4 d6 6. Qb3 Nc6 7. d5 Ne5 8. Bf4 a5
9. Nh3 a4 10. Qc2 h6 11. Na3 e6 12. dxe6 Qe7 13. Be3 Qxe6 14. Nf4 Qf7 15. O-O-O
O-O 16. Rd4 Qxa2 17. Nd5 c6 18. Nb6 Ra6 19. Nxc8 Rxc8 20. Rxd6 Nc4 21. Nxc4
Qxc4 22. Bd4 a3 23. b3 Qf7 24. e4 Ne8 25. Bxg7 Nxd6 26. Bxh6 Nxe4 27. Bxe4 fxe4
28. Kb1 Rd8 29. Re1 a2+ 30. Ka1 Qd5 31. Qb2 Qh5 32. Bd2 Qf3 33. c4 Rd3 0-1

[Event "4NCL Division 2d"]
[Site "Birmingham, ENG"]
[Date "2016.03.20"]
[Round "8.252"]
[White "Zhang, Anthony Y"]
[Black "Eames, Robert S"]
[Result "1-0"]
[WhiteElo "2207"]
[BlackElo "2275"]
[PlyCount "85"]
[EventDate "2016.03.20"]
[WhiteTeam "Guildford 3"]
[BlackTeam "Hackney 1"]

1. d4 Nf6 2. Nf3 d5 3. c4 e6 4. Nc3 c6 5. Bg5 dxc4 6. e4 b5 7. e5 h6 8. Bh4 g5
9. Nxg5 hxg5 10. Bxg5 Nbd7 11. g3 Bb7 12. Bg2 Qb6 13. exf6 O-O-O 14. O-O c5 15.
d5 b4 16. Na4 Qa6 17. dxe6 Bxg2 18. e7 Bxf1 19. Nxc5 Qc6 20. exd8=Q+ Kxd8 21.
Qxd7+ Qxd7 22. Nxd7 Kxd7 23. Rxf1 Bd6 24. Rd1 Ke6 25. f4 Bc5+ 26. Kg2 c3 27.
bxc3 bxc3 28. Rc1 Bd4 29. h4 Kd5 30. Kf3 Rc8 31. Rc2 Kc4 32. h5 Kd3 33. Rc1 Be3
34. Rd1+ Bd2 35. f5 Kc2 36. Bxd2 cxd2 37. Rxd2+ Kxd2 38. g4 Kd3 39. g5 Kd4 40.
Kf4 Kd5 41. g6 Rc4+ 42. Kg5 fxg6 43. fxg6 1-0

[Event "4NCL Division 2d"]
[Site "Birmingham, ENG"]
[Date "2016.03.20"]
[Round "8.253"]
[White "Cenal Gutierrez, Ruben"]
[Black "Granat, Russell G"]
[Result "0-1"]
[WhiteElo "2252"]
[BlackElo "2199"]
[PlyCount "97"]
[EventDate "2016.03.20"]
[WhiteTeam "Hackney 1"]
[BlackTeam "Guildford 3"]

1. e4 Nc6 2. Nf3 e5 3. Bb5 a6 4. Ba4 d6 5. c3 Nf6 6. d3 Be7 7. Nbd2 O-O 8. O-O
b5 9. Bc2 d5 10. h3 dxe4 11. dxe4 h6 12. a4 Be6 13. b4 Bd6 14. axb5 axb5 15.
Rxa8 Qxa8 16. Qe2 Qa1 17. Qe3 Qa7 18. Qxa7 Nxa7 19. Bb2 Nc8 20. Bd3 c6 21. Ra1
Nb6 22. Ra6 Rb8 23. Kf1 Nh5 24. Ke1 Nf4 25. Bf1 f6 26. h4 g5 27. g3 Ng6 28.
hxg5 hxg5 29. Kd1 c5 30. Ba3 c4 31. Bc1 Ne7 32. Be2 Nc6 33. Nf1 Bxb4 34. cxb4
Nxb4 35. Ra3 Na4 36. Ne3 Na2 37. Kc2 c3 38. Bxb5 Rxb5 39. Nd5 Bxd5 40. exd5
Nb4+ 41. Kb3 Nb6 42. Kxc3 N4xd5+ 43. Kd3 Rb4 44. Nd2 Kf7 45. Rb3 Rd4+ 46. Ke2
Na4 47. Bb2 Nxb2 48. Rxb2 Nc3+ 49. Ke3 0-1

[Event "4NCL Division 2d"]
[Site "Birmingham, ENG"]
[Date "2016.03.20"]
[Round "8.254"]
[White "Osborne, Marcus E"]
[Black "Holes, Michal"]
[Result "1/2-1/2"]
[WhiteElo "2209"]
[BlackElo "2162"]
[PlyCount "103"]
[EventDate "2016.03.20"]
[WhiteTeam "Guildford 3"]
[BlackTeam "Hackney 1"]

1. c4 Nf6 2. Nc3 e5 3. Nf3 Nc6 4. e3 Bb4 5. Qc2 O-O 6. Nd5 d6 7. a3 Bc5 8. b4
Bb6 9. Nxf6+ Qxf6 10. Bb2 Bf5 11. Bd3 Bxd3 12. Qxd3 Qe6 13. O-O a5 14. Qc3 f6
15. d4 Qf7 16. c5 exd4 17. exd4 Ba7 18. b5 Ne7 19. Qxa5 dxc5 20. Qxc7 Rfc8 21.
Qxb7 c4 22. Rfc1 Nd5 23. Qxf7+ Kxf7 24. Bc3 Bb6 25. a4 Ra7 26. Kf1 Rca8 27. a5
Bxa5 28. Bxa5 Rxa5 29. Rxa5 Rxa5 30. Rxc4 Rxb5 31. g3 Rb2 32. Ne1 g5 33. Rc2
Rb4 34. Rd2 Ke6 35. Ke2 Rb1 36. Rc2 Nb4 37. Rc7 Rb2+ 38. Kf1 Rb1 39. Rb7 Kd5
40. Ke2 Rb2+ 41. Kf3 h5 42. h4 g4+ 43. Kg2 Kc4 44. Kf1 Rb1 45. d5 Kxd5 46. Ke2
Rb2+ 47. Kf1 Rb1 48. Kg2 Rxe1 49. Rxb4 Ke6 50. Rb8 Re5 51. Rh8 Kf7 52. Rh7+
1/2-1/2

[Event "4NCL Division 2d"]
[Site "Birmingham, ENG"]
[Date "2016.03.20"]
[Round "8.255"]
[White "Walker, Nicholas P"]
[Black "Emerson, Roger"]
[Result "1-0"]
[WhiteElo "2192"]
[BlackElo "2203"]
[PlyCount "117"]
[EventDate "2016.03.20"]
[WhiteTeam "Hackney 1"]
[BlackTeam "Guildford 3"]

1. e4 c6 2. Nc3 d5 3. Nf3 dxe4 4. Nxe4 Nf6 5. Nxf6+ gxf6 6. d4 Bg4 7. Be2 Qc7
8. Be3 Nd7 9. Qd2 O-O-O 10. O-O-O e6 11. h3 Bf5 12. Nh4 Bg6 13. Rhe1 Bd6 14.
Nxg6 hxg6 15. c4 c5 16. Qc3 cxd4 17. Bxd4 Be5 18. Bf3 Bxd4 19. Rxd4 Ne5 20.
Red1 Rxd4 21. Rxd4 Rd8 22. Rxd8+ Qxd8 23. Be2 Qd6 24. f4 Nd7 25. Qe3 Kb8 26. g4
e5 27. f5 g5 28. Kc2 a5 29. Bf3 Nc5 30. Bd5 b6 31. Qg3 Na6 32. a3 Nc5 33. h4
gxh4 34. Qxh4 e4 35. Qh8+ Kc7 36. Qh7 e3 37. Qxf7+ Kd8 38. Qg8+ Ke7 39. Qh7+
Kd8 40. Qg8+ Ke7 41. Qg7+ Kd8 42. Qh8+ Ke7 43. g5 e2 44. Qxf6+ Qxf6 45. gxf6+
Kxf6 46. Kd2 Nd3 47. Kxe2 Nxb2 48. Be6 Na4 49. Ke3 Nc5 50. Bc8 Ke5 51. Kf3 Nd3
52. Kg4 Kf6 53. Be6 Ne1 54. Kf4 Nc2 55. a4 Nd4 56. Bd7 Nb3 57. Bb5 Nd4 58. Ke4
Nxf5 59. Kd5 1-0

[Event "4NCL Division 2d"]
[Site "Birmingham, ENG"]
[Date "2016.03.20"]
[Round "8"]
[White "Golding, Alex"]
[Black "Bowmer, Kevin"]
[Result "1/2-1/2"]
[WhiteElo "2155"]
[BlackElo "2132"]
[PlyCount "90"]
[EventDate "2016.03.20"]
[WhiteTeam "Guildford 3"]
[BlackTeam "Hackney 1"]

1. Nf3 Nf6 2. c4 g6 3. b4 Bg7 4. Bb2 O-O 5. g3 d6 6. Bg2 e5 7. d3 h6 8. O-O c6
9. Qc2 Re8 10. Nbd2 Na6 11. a3 Bf5 12. Nh4 Bd7 13. d4 exd4 14. Nb3 Nc7 15. Bxd4
Qc8 16. Qb2 Nh5 17. Bxg7 Nxg7 18. Rfd1 Bg4 19. Rd2 d5 20. cxd5 Nxd5 21. Rc1 Qe6
22. Nc5 Qe7 23. Ne4 Nh5 24. b5 Rac8 25. bxc6 bxc6 26. Nc3 Nxc3 27. Rxc3 Qf6 28.
Nf3 Rb8 29. Rb3 Qxb2 30. Rbxb2 c5 31. h3 Be6 32. Rxb8 Rxb8 33. Rc2 Rb1+ 34. Kh2
Ra1 35. Rxc5 Rxa3 36. Nd4 Ba2 37. Bc6 Nf6 38. Nc2 Rb3 39. Ra5 Rb2 40. Nd4 Bc4
41. Rxa7 Rd2 42. Ra8+ Kh7 43. Rd8 Bxe2 44. Rd6 Bc4 45. Rxf6 Rxd4 1/2-1/2

[Event "4NCL Division 2d"]
[Site "Birmingham, ENG"]
[Date "2016.03.20"]
[Round "8.2"]
[White "Stimpson, Philip M"]
[Black "Salumets, Maris"]
[Result "1-0"]
[WhiteElo "1975"]
[BlackElo "1082"]
[PlyCount "61"]
[EventDate "2016.03.20"]
[WhiteTeam "Guildford 3"]
[BlackTeam "Hackney 1"]

1. e4 d5 2. exd5 Nf6 3. Nc3 Bg4 4. Nf3 Nxd5 5. Bc4 e6 6. h3 Bf5 7. d3 Bb4 8.
Bd2 Nc6 9. O-O O-O 10. Ne4 Bxe4 11. dxe4 Nf6 12. c3 Bd6 13. Qe2 Ne5 14. Nxe5
Bxe5 15. Rad1 Nd7 16. Qg4 Qf6 17. Bg5 Qg6 18. Rxd7 f5 19. exf5 Rxf5 20. Bh6 Re8
21. Qxg6 hxg6 22. Be3 Bd6 23. Bd4 Be5 24. g4 Rg5 25. Be3 Bf6 26. Bxg5 Bxg5 27.
Re1 Kh7 28. Rxe6 Rf8 29. Bd3 Bf6 30. g5 Bxg5 31. Rxg6 1-0

[Event "4NCL Division 2d"]
[Site "Birmingham, ENG"]
[Date "2016.03.20"]
[Round "8.5"]
[White "Webb, Richard M"]
[Black "Asenov, Pavel"]
[Result "1/2-1/2"]
[WhiteElo "2256"]
[BlackElo "2260"]
[PlyCount "56"]
[EventDate "2016.03.20"]
[WhiteTeam "CSC Dragons [1]"]
[BlackTeam "Brown Jack Witney"]

1. e4 c5 2. Nc3 a6 3. g3 b5 4. Bg2 Bb7 5. Nge2 Nf6 6. d3 e6 7. O-O d6 8. f4 Qc7
9. h3 d5 10. e5 Nfd7 11. d4 Nc6 12. Be3 cxd4 13. Nxd4 Bc5 14. Nce2 O-O 15. Bf2
Rac8 16. c3 Nb6 17. Nxc6 Qxc6 18. Nd4 Qd7 19. Qd3 a5 20. b3 b4 21. Rac1 Na8 22.
cxb4 Bxb4 23. Rfd1 Nc7 24. f5 exf5 25. Nxf5 Nb5 26. Qf3 Qe6 27. Nd4 Nxd4 28.
Bxd4 Ba3 1/2-1/2

[Event "4NCL Division 2d"]
[Site "Birmingham, ENG"]
[Date "2016.03.20"]
[Round "8.6"]
[White "Padilla Cabero, Pablo"]
[Black "Farrand, Tom"]
[Result "0-1"]
[WhiteElo "2166"]
[BlackElo "2166"]
[PlyCount "58"]
[EventDate "2016.03.20"]
[WhiteTeam "Brown Jack Witney"]
[BlackTeam "CSC Dragons [1]"]

1. e4 c5 2. Nc3 Nc6 3. g3 g6 4. d3 d6 5. Be3 Bg7 6. Qd2 e5 7. h4 h5 8. O-O-O
Be6 9. Bh3 Nd4 10. Rf1 Ne7 11. Kb1 Qd7 12. Bxe6 Qxe6 13. Nce2 O-O-O 14. f4 Kb8
15. Rh2 Nec6 16. Nc1 d5 17. Rhf2 f6 18. exd5 Qxd5 19. Nh3 Ka8 20. Ng5 Rhe8 21.
c3 Ne6 22. c4 Qd7 23. Nxe6 Qxe6 24. Bxc5 b6 25. Be3 e4 26. Re2 exd3 27. Ree1
Qxc4 28. Bg1 Nb4 29. Nb3 Qc2+ 0-1

[Event "4NCL Division 2d"]
[Site "Birmingham, ENG"]
[Date "2016.03.20"]
[Round "8.7"]
[White "Coates, Kenneth G"]
[Black "Whatley, Stephen A J"]
[Result "0-1"]
[WhiteElo "2145"]
[BlackElo "2162"]
[PlyCount "72"]
[EventDate "2016.03.20"]
[WhiteTeam "CSC Dragons [1]"]
[BlackTeam "Brown Jack Witney"]

1. d4 f5 2. Nf3 g6 3. Nc3 Nf6 4. Bg5 Bg7 5. Bxf6 exf6 6. e3 d5 7. g3 O-O 8. Bg2
c6 9. Qd2 Nd7 10. O-O Nb6 11. b3 a5 12. a4 Be6 13. Rfc1 Nc8 14. Ne2 Nd6 15. Qd3
Qe7 16. c4 Qf7 17. c5 Nc8 18. b4 axb4 19. Qb3 g5 20. Qxb4 Qc7 21. Rcb1 Rb8 22.
a5 Ne7 23. Qb6 Qc8 24. Ra3 Ng6 25. Rab3 Ra8 26. Qxb7 Rxa5 27. Qxc8 Bxc8 28. Bf1
f4 29. exf4 Bf5 30. R1b2 gxf4 31. Kg2 Be4 32. Rb8 fxg3 33. hxg3 f5 34. Rxf8+
Nxf8 35. Rb6 Ra3 36. Neg1 Ne6 0-1

[Event "4NCL Division 2d"]
[Site "Birmingham, ENG"]
[Date "2016.03.20"]
[Round "8.8"]
[White "Richmond, Jane"]
[Black "Thompson, Ian D"]
[Result "1/2-1/2"]
[WhiteElo "2155"]
[BlackElo "2170"]
[PlyCount "83"]
[EventDate "2016.03.20"]
[WhiteTeam "Brown Jack Witney"]
[BlackTeam "CSC Dragons [1]"]

1. e4 e5 2. Nf3 Nc6 3. Bb5 a6 4. Ba4 Nf6 5. O-O Be7 6. Qe2 b5 7. Bb3 O-O 8. a4
Rb8 9. d3 d6 10. Nbd2 Na5 11. Ba2 c5 12. axb5 axb5 13. c3 Nc6 14. Rd1 h6 15.
Nf1 Re8 16. Ng3 Bf8 17. Nh4 b4 18. Bc4 bxc3 19. bxc3 Na5 20. Nhf5 Be6 21. Ne3
Nb3 22. Ra3 Nxc1 23. Rxc1 d5 24. exd5 Nxd5 25. Nxd5 Bxd5 26. Qa2 Be6 27. Re1
Qc7 28. Ra6 Rb6 29. Bxe6 Rexe6 30. Qa5 Qb8 31. Ra8 Qb7 32. Ra1 Rb1+ 33. Rxb1
Qxb1+ 34. Nf1 Qxd3 35. Qxc5 Qd6 36. Qxd6 Rxd6 37. Ne3 f6 38. Kf1 Rc6 39. c4 Kf7
40. Ke2 Bc5 41. Kd3 e4+ 42. Kxe4 1/2-1/2

[Event "4NCL Division 2d"]
[Site "Birmingham, ENG"]
[Date "2016.03.20"]
[Round "8.9"]
[White "Amato, Giampiero"]
[Black "Martin, Lewis"]
[Result "1-0"]
[WhiteElo "2007"]
[BlackElo "2147"]
[PlyCount "81"]
[EventDate "2016.03.20"]
[WhiteTeam "CSC Dragons [1]"]
[BlackTeam "Brown Jack Witney"]

1. e4 c5 2. Nf3 d6 3. d4 cxd4 4. Nxd4 Nf6 5. Nc3 a6 6. f4 e6 7. Be2 Qc7 8. O-O
Nbd7 9. Bf3 Be7 10. Be3 O-O 11. g4 Nb6 12. g5 Ne8 13. f5 Nc4 14. Bc1 b5 15. a3
Bd7 16. Bg2 Qa7 17. Kh1 d5 18. exd5 exf5 19. Nxf5 Bxf5 20. Rxf5 Ned6 21. Rf3
Rfe8 22. b3 Ne5 23. Rh3 g6 24. Be3 Qd7 25. Qd2 Ng4 26. Bf4 Rac8 27. Rf1 f5 28.
gxf6 Nxf6 29. Rhf3 Nf5 30. d6 Bf8 31. Bg5 Ng4 32. Bh3 h5 33. Qd5+ Kh7 34. Ne4
Bg7 35. Bxg4 hxg4 36. R3f2 Re5 37. Qd3 Rce8 38. Nf6+ Bxf6 39. Bxf6 Re3 40. Qd5
R8e6 41. Rxf5 1-0

[Event "4NCL Division 2d"]
[Site "Birmingham, ENG"]
[Date "2016.03.20"]
[Round "8.10"]
[White "Meek, Stephen J"]
[Black "Ismailov, Roman"]
[Result "1-0"]
[WhiteElo "2087"]
[BlackElo "2030"]
[PlyCount "52"]
[EventDate "2016.03.20"]
[WhiteTeam "Brown Jack Witney"]
[BlackTeam "CSC Dragons [1]"]

1. e4 c6 2. d4 d5 3. e5 Bf5 4. Nf3 e6 5. Be2 c5 6. Be3 cxd4 7. Nxd4 Bg6 8. c4
Ne7 9. Nc3 Nbc6 10. Qa4 a6 11. Nxc6 bxc6 12. cxd5 exd5 13. Bc5 Qd7 14. O-O Bf5
15. Rac1 Ng6 16. Bxf8 Nxf8 17. h3 Ng6 18. Qd4 Qe7 19. f4 O-O 20. Na4 Rab8 21.
b3 Rb4 22. Qd2 Qa7+ 23. Rc5 Rxa4 24. Qc1 Rxf4 25. Rxf4 Nxf4 26. Bf1 Bd3 1-0

[Event "4NCL Division 2d"]
[Site "Birmingham, ENG"]
[Date "2016.03.20"]
[Round "8.11"]
[White "Richardson, Keith B"]
[Black "Shaw, Meyrick"]
[Result "1-0"]
[WhiteElo "1978"]
[BlackElo "2035"]
[PlyCount "99"]
[EventDate "2016.03.20"]
[WhiteTeam "CSC Dragons [1]"]
[BlackTeam "Brown Jack Witney"]

1. c4 Nf6 2. Nc3 e6 3. e4 Nc6 4. Nf3 e5 5. a3 d6 6. d4 exd4 7. Nxd4 Be7 8. Be2
O-O 9. O-O Re8 10. f3 Nd7 11. Nd5 Nxd4 12. Qxd4 Bf8 13. b4 c6 14. Ne3 a5 15.
Bb2 Qb6 16. b5 d5 17. cxd5 cxd5 18. Nxd5 Qh6 19. Rac1 Bd6 20. f4 f5 21. Bf3
fxe4 22. Bxe4 Bc5 23. Rxc5 Nxc5 24. Qxc5 Rxe4 25. Ne7+ Rxe7 26. Qxe7 Bf5 27.
Qxb7 Re8 28. Be5 Qg6 29. Qc6 Re6 30. Qc8+ Re8 31. Qc4+ Be6 32. Qd4 Rc8 33. Rd1
Bg4 34. Rd2 Qb1+ 35. Kf2 Qxb5 36. h3 Be6 37. Qd6 Qc5+ 38. Qxc5 Rxc5 39. g4 a4
40. Rd6 Rc2+ 41. Kg3 Bc8 42. Rd4 h5 43. Rxa4 hxg4 44. hxg4 Rc1 45. f5 Bb7 46.
Ra7 Rb1 47. a4 g5 48. fxg6 Be4 49. a5 Rb3+ 50. Kf4 1-0

[Event "4NCL Division 2d"]
[Site "Birmingham, ENG"]
[Date "2016.03.20"]
[Round "8.16"]
[White "Pitcher, John"]
[Black "Brau, Julio"]
[Result "1-0"]
[WhiteElo "2230"]
[BlackElo "2071"]
[PlyCount "135"]
[EventDate "2016.03.20"]
[WhiteTeam "Warwickshire Select 1"]
[BlackTeam "Cambridge University 2"]

1. e4 c5 2. Nf3 d6 3. Bc4 Nf6 4. d3 e6 5. Bb3 Be7 6. O-O O-O 7. Re1 Nc6 8. c3
b5 9. Nbd2 a5 10. Nf1 a4 11. Bc2 Qc7 12. h3 Bd7 13. Ne3 d5 14. exd5 Nxd5 15.
Nxd5 exd5 16. d4 cxd4 17. Nxd4 Nxd4 18. Qxd4 Be6 19. Bf4 Qc4 20. Be5 Qxd4 21.
Bxd4 Rfc8 22. Bd3 Rab8 23. a3 Bc5 24. Be5 Rb6 25. Rad1 Bd6 26. Bd4 Bc5 27. Bb1
Bxd4 28. Rxd4 g6 29. f4 Rc4 30. Red1 Rxd4 31. Rxd4 f5 32. Bd3 Kf7 33. Kf2 Kf6
34. Rb4 Bd7 35. Ke3 Ke6 36. Bc2 Ra6 37. Rd4 Bc6 38. Rd2 Ra7 39. Kd4 Kd6 40. Re2
Rc7 41. Bd3 Bd7 42. g3 h5 43. Re5 Be6 44. h4 Rc8 45. Bxb5 Rb8 46. Bxa4 Rxb2 47.
Be8 Rd2+ 48. Ke3 Rg2 49. Kf3 Rc2 50. Bxg6 Rxc3+ 51. Re3 Rc2 52. Rd3 Kc5 53. Re3
Kd6 54. Re2 Rc3+ 55. Kf2 d4 56. Bxh5 d3 57. Rd2 Bc4 58. Ke3 Rc1 59. Bd1 Ba6 60.
h5 Rc7 61. Rh2 Re7+ 62. Kd2 Rb7 63. Rh1 Rb2+ 64. Kc3 Ra2 65. h6 Rxa3+ 66. Kb4
Ra1 67. h7 Rb1+ 68. Kc3 1-0

[Event "4NCL Division 2d"]
[Site "Birmingham, ENG"]
[Date "2016.03.20"]
[Round "8.17"]
[White "Gordon-Brown, Alexander J"]
[Black "Mason, Donald J"]
[Result "1-0"]
[WhiteElo "2038"]
[BlackElo "2230"]
[PlyCount "67"]
[EventDate "2016.03.20"]
[WhiteTeam "Cambridge University 2"]
[BlackTeam "Warwickshire Select 1"]

1. d4 Nf6 2. c4 g6 3. Nc3 Bg7 4. e4 d6 5. f4 O-O 6. Nf3 c5 7. d5 e6 8. Be2 exd5
9. exd5 Ne8 10. Bd2 f5 11. O-O Nd7 12. Qc2 Ndf6 13. a3 a5 14. Bd3 Nc7 15. Na4
Bd7 16. Nb6 Ra6 17. Nxd7 Qxd7 18. a4 Raa8 19. Rae1 b6 20. Qb3 h6 21. Nh4 Ng4
22. Nf3 Na6 23. h3 Nf6 24. Nh4 Nb4 25. Bb1 Ne4 26. Bxe4 fxe4 27. Rxe4 Rae8 28.
Rxe8 Rxe8 29. f5 Bd4+ 30. Kh2 g5 31. Ng6 Re2 32. Bxb4 axb4 33. Qf3 Qe8 34. f6
1-0

[Event "4NCL Division 2d"]
[Site "Birmingham, ENG"]
[Date "2016.03.20"]
[Round "8.18"]
[White "Shephard, Chris C W"]
[Black "Starley, Robert"]
[Result "1-0"]
[WhiteElo "2215"]
[BlackElo "1997"]
[PlyCount "109"]
[EventDate "2016.03.20"]
[WhiteTeam "Warwickshire Select 1"]
[BlackTeam "Cambridge University 2"]

1. g3 e5 2. c4 Nf6 3. Bg2 d5 4. cxd5 Nxd5 5. Nc3 Be6 6. Nf3 Nc6 7. O-O Be7 8.
d4 exd4 9. Nb5 O-O 10. Nbxd4 Nxd4 11. Nxd4 Bg4 12. h3 Bc8 13. e4 Nb6 14. Bf4
Bg5 15. Bxg5 Qxg5 16. Qc2 c6 17. Rad1 Bd7 18. Rd2 Rad8 19. Rfd1 Bc8 20. Kh2 Qe7
21. Qc3 Kh8 22. b3 f6 23. Qa5 Qc7 24. Qxa7 Bd7 25. Qa5 Ra8 26. Qc5 Rac8 27. Rc1
Na8 28. Nb5 Qd8 29. Nd6 Rc7 30. Rcd1 b6 31. Qc4 Qe7 32. Qc3 Be6 33. Qe3 c5 34.
e5 f5 35. f4 Ra7 36. Nb5 Rd7 37. Rd6 Rxd6 38. Rxd6 Bd7 39. Nc3 Re8 40. Qd3 Be6
41. Nd5 Qf7 42. Qb5 h6 43. Nxb6 Nxb6 44. Qxb6 c4 45. bxc4 Bxc4 46. a4 Rc8 47.
a5 Be2 48. a6 Qa2 49. Qf2 Rc7 50. Bd5 Qb2 51. Rd8+ Kh7 52. Bg8+ Kg6 53. Rd6+
Kh5 54. Bh7 g5 55. Bg6# 1-0

[Event "4NCL Division 2d"]
[Site "Birmingham, ENG"]
[Date "2016.03.20"]
[Round "8.19"]
[White "Allison, Conrad"]
[Black "Lam, Paul G M"]
[Result "0-1"]
[WhiteElo "2065"]
[BlackElo "2207"]
[PlyCount "69"]
[EventDate "2016.03.20"]
[WhiteTeam "Cambridge University 2"]
[BlackTeam "Warwickshire Select 1"]

1. e4 Nf6 2. e5 Nd5 3. d4 d6 4. Nf3 dxe5 5. Nxe5 c6 6. Bc4 Nd7 7. O-O g6 8. Re1
Bg7 9. Bb3 O-O 10. c4 Nc7 11. Bf4 Ne6 12. Bg3 c5 13. d5 Nd4 14. Nc3 Nf6 15. Nf3
Bg4 16. Qd3 Bxf3 17. gxf3 Nh5 18. Nb5 Nxg3 19. Nxd4 Nh5 20. Ne2 Bxb2 21. Rab1
Bg7 22. Qe3 Qc8 23. Kg2 e5 24. dxe6 fxe6 25. Ng3 Nf4+ 26. Kh1 Bd4 27. Qd2 e5
28. Rg1 Nh3 29. Rg2 Rxf3 30. Ne4 Qc6 31. Bc2 Nxf2+ 32. Rxf2 Rxf2 33. Qd3 Raf8
34. Rg1 R2f3 35. Qd1 0-1

[Event "4NCL Division 2d"]
[Site "Birmingham, ENG"]
[Date "2016.03.20"]
[Round "8.20"]
[White "Hynes, Anthony M"]
[Black "Topal, Mahir Onat"]
[Result "1-0"]
[WhiteElo "2132"]
[BlackElo "1997"]
[PlyCount "43"]
[EventDate "2016.03.20"]
[WhiteTeam "Warwickshire Select 1"]
[BlackTeam "Cambridge University 2"]

1. e4 c6 2. c4 d5 3. cxd5 cxd5 4. exd5 Nf6 5. Qa4+ Qd7 6. Bb5 a6 7. Bxd7+ Bxd7
8. Qb3 b5 9. Nc3 g6 10. Nf3 Bg7 11. O-O O-O 12. Re1 Re8 13. d4 Bf5 14. a4 bxa4
15. Rxa4 Nbd7 16. Ne5 Reb8 17. Qa2 Nxe5 18. dxe5 Nd7 19. Rxa6 Rxa6 20. Qxa6
Nxe5 21. Bf4 Rxb2 22. Qa8+ 1-0

[Event "4NCL Division 2d"]
[Site "Birmingham, ENG"]
[Date "2016.03.20"]
[Round "8.21"]
[White "Toh, Qin Kane"]
[Black "Stepanyan, Henrik"]
[Result "1/2-1/2"]
[WhiteElo "2065"]
[BlackElo "2140"]
[PlyCount "109"]
[EventDate "2016.03.20"]
[WhiteTeam "Cambridge University 2"]
[BlackTeam "Warwickshire Select 1"]

1. d4 d5 2. c4 e6 3. Nc3 Nf6 4. cxd5 exd5 5. Bg5 Be7 6. Qc2 h6 7. Bh4 O-O 8. e3
Nbd7 9. Bd3 c5 10. Nf3 c4 11. Be2 Bb4 12. O-O Bxc3 13. bxc3 Qa5 14. Nd2 b5 15.
e4 dxe4 16. Nxe4 Nxe4 17. Qxe4 Rb8 18. Bg3 Rb6 19. Bc7 Qxc3 20. Bxb6 Nxb6 21.
Rfd1 Be6 22. Qb7 Rd8 23. Qxa7 Na4 24. Qc7 Rc8 25. Qg3 Qb2 26. Bg4 Nc3 27. Re1
Rd8 28. h3 Rxd4 29. Bxe6 fxe6 30. Qe5 Rd8 31. Qxe6+ Kh8 32. Qe7 Qd2 33. Rac1
Nxa2 34. Rcd1 Qxd1 35. Rxd1 Rxd1+ 36. Kh2 Nc3 37. Qb4 Rd3 38. h4 Kh7 39. h5 Kh8
40. Qf8+ Kh7 41. f3 Nd5 42. Qc8 Ne3 43. Qc6 b4 44. Kh3 b3 45. Qb7 Nd5 46. Qb5
Ne3 47. Qe5 Kh8 48. g4 Kh7 49. Kg3 Nf1+ 50. Kf2 Nd2 51. f4 c3 52. Qf5+ Kh8 53.
Qxd3 b2 54. g5 hxg5 55. Qd8+ 1/2-1/2

[Event "4NCL Division 2d"]
[Site "Birmingham, ENG"]
[Date "2016.03.20"]
[Round "8.22"]
[White "Donegan, Kate M"]
[Black "Davis, Holden"]
[Result "1-0"]
[WhiteElo "1555"]
[BlackElo "1697"]
[PlyCount "87"]
[EventDate "2016.03.20"]
[WhiteTeam "Warwickshire Select 1"]
[BlackTeam "Cambridge University 2"]

1. e4 e6 2. d4 d5 3. exd5 exd5 4. Nf3 Bd6 5. h3 Nc6 6. Nc3 Nge7 7. Bd3 Be6 8.
O-O Qd7 9. a3 f6 10. Nb5 g5 11. Re1 O-O-O 12. Qe2 Bf5 13. Nxd6+ Qxd6 14. Bxf5+
Nxf5 15. Qe6+ Qxe6 16. Rxe6 Nfxd4 17. Nxd4 Nxd4 18. Rxf6 Nxc2 19. Rb1 h6 20. h4
d4 21. hxg5 hxg5 22. Bxg5 Rd5 23. Bh6 Kd7 24. g4 d3 25. Bd2 Nd4 26. Kg2 Rg8 27.
g5 Ne6 28. f4 Nc5 29. Rf7+ Kc8 30. Rc1 c6 31. Be3 Nb3 32. Rd1 Re8 33. Kf2 Na5
34. b3 Nxb3 35. g6 Na5 36. g7 Rdd8 37. Bc5 Rg8 38. Be7 Rd7 39. Rf8+ Kc7 40.
Rxg8 Rxe7 41. Rxd3 Kb6 42. Rg3 Rd7 43. Re8 Rd2+ 44. Ke3 1-0

[Event "4NCL Division 2d"]
[Site "Birmingham, ENG"]
[Date "2016.03.20"]
[Round "8.25"]
[White "Richardson, John R"]
[Black "Friedgood, David"]
[Result "1-0"]
[WhiteElo "2267"]
[BlackElo "2228"]
[PlyCount "89"]
[EventDate "2016.03.20"]
[WhiteTeam "The AD's"]
[BlackTeam "MK Phoenix 1"]

1. d4 Nf6 2. c4 g6 3. g3 c5 4. d5 b5 5. cxb5 Qa5+ 6. Bd2 Qxb5 7. Nc3 Qb7 8. Bg2
Bg7 9. Nf3 d6 10. O-O O-O 11. h3 Nbd7 12. Rb1 Nb6 13. e4 Qc7 14. Re1 Ba6 15. b3
Nfd7 16. Qc2 Rae8 17. a4 Ne5 18. Nxe5 Bxe5 19. Bh6 Nd7 20. Bxf8 Rxf8 21. Nb5
Bxb5 22. axb5 Qa5 23. Bf1 h5 24. Bc4 h4 25. g4 g5 26. Re2 Bd4 27. Qd2 Qxd2 28.
Rxd2 Nb6 29. Ra2 Ra8 30. Rc1 Kf8 31. Rcc2 Ke8 32. Ra6 Nc8 33. Rca2 Rb8 34. b6
Nxb6 35. Bb5+ Kd8 36. Rxa7 Bf6 37. Kf1 Kc8 38. Ke2 Kd8 39. Kd2 Kc8 40. Kd3 Kd8
41. Bc6 Kc8 42. e5 dxe5 43. Rc2 Kd8 44. Rxc5 Rc8 45. Rb7 1-0

[Event "4NCL Division 2d"]
[Site "Birmingham, ENG"]
[Date "2016.03.20"]
[Round "8.26"]
[White "Grieve, Harry"]
[Black "Wheeler, Darren P"]
[Result "1/2-1/2"]
[WhiteElo "2102"]
[BlackElo "2215"]
[PlyCount "55"]
[EventDate "2016.03.20"]
[WhiteTeam "MK Phoenix 1"]
[BlackTeam "The AD's"]

1. e4 e6 2. d3 d5 3. Nd2 Nf6 4. Ngf3 b6 5. c3 Bb7 6. Qa4+ c6 7. Be2 Qc7 8. O-O
Nbd7 9. Re1 Bd6 10. exd5 cxd5 11. d4 a6 12. Nf1 b5 13. Qb3 Nb6 14. Bg5 Ne4 15.
Bh4 h6 16. Bd3 g5 17. Bg3 Nxg3 18. Nxg3 g4 19. Ne5 h5 20. Nf1 Nc4 21. f4 gxf3
22. Nxf3 h4 23. h3 Bc6 24. Re2 O-O-O 25. Qc2 Rde8 26. b3 Na5 27. Qb2 Kb8 28.
Rae1 1/2-1/2

[Event "4NCL Division 2d"]
[Site "Birmingham, ENG"]
[Date "2016.03.20"]
[Round "8.27"]
[White "Swindells, Jonathan E"]
[Black "Fraser-Mitchell, Jeremy N"]
[Result "1-0"]
[WhiteElo "2260"]
[BlackElo "2054"]
[PlyCount "69"]
[EventDate "2016.03.20"]
[WhiteTeam "The AD's"]
[BlackTeam "MK Phoenix 1"]

1. e4 e6 2. Qe2 c5 3. f4 Nc6 4. Nf3 Nge7 5. g3 d5 6. d3 g6 7. Bg2 Bg7 8. O-O
O-O 9. Nc3 Rb8 10. Qf2 b6 11. g4 Nd4 12. Kh1 Nxf3 13. Bxf3 Bb7 14. Qg2 d4 15.
Ne2 Qd7 16. f5 exf5 17. gxf5 Nc6 18. Bg4 Ne5 19. Bh3 Qc6 20. Bg5 Rfe8 21. Bf4
b5 22. Rf2 Rbd8 23. Raf1 c4 24. fxg6 fxg6 25. Bxe5 Bxe5 26. Nf4 Qd6 27. Qg5 Bc8
28. Bxc8 Rxc8 29. Nd5 Rcd8 30. Rf7 Rd7 31. Rxd7 Qxd7 32. Qxe5 Rxe5 33. Nf6+ Kg7
34. Nxd7 Rg5 35. e5 1-0

[Event "4NCL Division 2d"]
[Site "Birmingham, ENG"]
[Date "2016.03.20"]
[Round "8.28"]
[White "Brown, Alan M"]
[Black "Snape, Ian L"]
[Result "0-1"]
[WhiteElo "2044"]
[BlackElo "2267"]
[PlyCount "54"]
[EventDate "2016.03.20"]
[WhiteTeam "MK Phoenix 1"]
[BlackTeam "The AD's"]

1. d4 c5 2. d5 g6 3. e4 d6 4. Bb5+ Bd7 5. Bxd7+ Nxd7 6. Nf3 Ngf6 7. Qe2 Bg7 8.
O-O O-O 9. c4 e6 10. Nc3 exd5 11. exd5 Re8 12. Qd3 a6 13. Bf4 Qc7 14. Rfe1 Nh5
15. Bd2 Ne5 16. Nxe5 Bxe5 17. Qf3 f5 18. Re2 Qd7 19. a4 Bd4 20. Rae1 Re5 21. b3
Rae8 22. Rxe5 dxe5 23. Qh3 Qf7 24. Ne2 e4 25. Bc3 Qf6 26. Rd1 e3 27. Nxd4 cxd4
0-1